000 00544nam a22002177a 4500
003 OSt
005 20260514144008.0
008 260514b |||||||| |||| 00| 0 eng d
020 _a81-713-0221-1
040 _cSBCL
082 _a894.8123
_bBAS-V
100 _aBasheer,Vaikom muhammad
245 _aVisappu
250 _a26th ed.
260 _aKottayam
_bDC Books
_c2025
300 _a87p.
630 _xLiterature
630 _xLiteratures of other languages
650 _aAltaic, Uralic, Hyperborean & Dravidian
942 _cBOOK
999 _c138162
_d138162